Loading...
| Current Events | 2 | 20.00 | 100% | 50% | 50% |
| Fine Arts - Classical Music | 6 | 15.00 | 83% | 67% | 0% |
| Fine Arts - Other | 7 | 15.71 | 100% | 57% | 0% |
| Fine Arts - Painting and Sculpture | 5 | 12.00 | 100% | 20% | 0% |
| History - American | 6 | 20.00 | 100% | 67% | 33% |
| History - European | 6 | 18.33 | 100% | 67% | 17% |
| History - Other | 6 | 16.67 | 100% | 67% | 0% |
| History - World | 3 | 16.67 | 67% | 100% | 0% |
| Literature - American | 5 | 12.00 | 100% | 20% | 0% |
| Literature - British | 2 | 15.00 | 100% | 50% | 0% |
| Literature - European | 5 | 16.00 | 100% | 60% | 0% |
| Literature - World | 6 | 13.33 | 100% | 33% | 0% |
| Mythology | 5 | 26.00 | 100% | 100% | 60% |
| Philosophy | 3 | 16.67 | 100% | 67% | 0% |
| Pop Culture | 2 | 25.00 | 100% | 100% | 50% |
| Religion | 4 | 17.50 | 100% | 50% | 25% |
| Science - Biology | 6 | 8.33 | 83% | 0% | 0% |
| Science - Chemistry | 8 | 13.75 | 100% | 25% | 13% |
| Science - Other | 2 | 10.00 | 100% | 0% | 0% |
| Science - Physics | 8 | 11.25 | 88% | 25% | 0% |
| Social Science | 6 | 11.67 | 83% | 33% | 0% |